| 000 | 02111nam0a2200385 4500 | ||
|---|---|---|---|
| 001 | RU\NLR\BIBL_A\022458257 | ||
| 005 | 20250411113853.0 | ||
| 010 |
_a978-5-392-42587-7 _91000 |
||
| 021 |
_aRU _bКН-П-24-071302 _9КН-П-24-7120 |
||
| 035 | _a(NLR Aleph) 022458257 | ||
| 090 |
_a13362370 _c13362370 |
||
| 100 | _a20250214d2024 k y0rusy50 ca | ||
| 101 | 0 | _arus | |
| 102 | _aRU | ||
| 105 | _ay z 000yy | ||
| 181 | 0 |
_ai _baxxe |
|
| 182 | 0 | _an | |
| 200 | 1 |
_aАктуальные проблемы науки частного права _eмонография _f[Агибалова Елена Николаевна, доцент, кандидат юридических наук, Александрина Мария Александровна, доцент, кандидат юридических наук, Андреев Юрий Николаевич, профессор, федеральный судья в почетной отставке, доктор юридических наук и др.] _gпод редакцией доктора юридических наук, профессора Ю. Н. Андреева [и др.] |
|
| 203 |
_aТекст _bвизуальный _cнепосредственный |
||
| 210 |
_aМосква _cПроспект _d2024 |
||
| 215 |
_a1072 с. _d22 |
||
| 300 | _aАвт. указаны на | ||
| 300 | _aАвт. указаны на 3-й с. | ||
| 320 | _aБиблиогр. в подстроч. примеч. | ||
| 606 | 1 |
_aЧастное право _2nlr_sh1 _2nlr_sh2 _3RU\NLR\AUTH\661393910 |
|
| 686 | 1 | _aХ623 | |
| 686 | 1 | _aХ93 | |
| 701 | 1 |
_aАгибалова _bЕ. Н. _gЕлена Николаевна |
|
| 701 | 1 |
_aАлександрина _bМ. А. _gМария Александровна |
|
| 701 | 1 |
_aАндреев _bЮ. Н. _cд-р юрид. наук _f1954- _gЮрий Николаевич _3RU\NLR\AUTH\7734839 |
|
| 702 | 1 |
_aАндреев _bЮ. Н. _cд-р юрид. наук _f1954- _gЮрий Николаевич _3RU\NLR\AUTH\7734839 _4340 |
|
| 942 | _cBOOK | ||
| 980 | _aNB | ||